| 000 | 01089nam a2200289 a 4500 | ||
|---|---|---|---|
| 001 | BRCA_6312 | ||
| 005 | 20190320205417.0 | ||
| 008 | 300709s1759----fr-#---###---#000-0#fre-# | ||
| 041 | _afre | ||
| 044 | _afr | ||
| 050 | 4 |
_aF1219 _b.C67 2 1759 |
|
| 100 | 1 |
_aCortez, Fernand _d1485-1547 _99191 |
|
| 245 | 1 | 0 |
_aHistoire de la Conquête du Mexique, ou de la Nouvelle Espagne _cpar Fernand Cortez. |
| 250 | _a6 | ||
| 260 |
_aParís _bCompagnie des Libraires _c1759 |
||
| 300 |
_a2 v. _bil., 12 láminas _c17 cm. |
||
| 500 | _aTraduite de l´espagnol de Dom Antoine de Solis, par l´auteur du Triumvirat | ||
| 500 | _aCada volumen cuenta con un ex-libris en la primera guarda de ´Alex Brongniart. Professeur a´histoire naturelle´ | ||
| 500 | _aDos ejemplares (Tomo I y Tomo II) inventariados por el Banco de México como un solo libro | ||
| 500 | _aEjemplares resguardados en Caja Fuerte | ||
| 500 | _aEjemplar igual a B210 | ||
| 500 | _aVer también B358 y S108 | ||
| 500 | _aC119 | ||
| 651 | 4 |
_aMéxico _xHistoria _yConquista, 1519-1540 _9442 |
|
| 902 | _aGFM | ||
| 942 |
_2lcc _cB |
||
| 999 |
_c5998 _d5998 |
||